LEADER 01023nam a2200217 4500 001 000000367431 003 CaOOAMICUS 005 20260424103921.0 008 260424s1946 it 000 u ita r 040 $aSeMil$bita 100 1 $aLazzarato, Damiano.$0(OLS)http://semarc/name/78165 245 13$aLa cronologia di Cristo nella luce del diritto /$cSac. Cav. Damiano Lazzarato. 264 1$a[Cittą del Vaticano] :$bTipografia Poliglotta Vaticana,$c1946. 300 $a40 p. ;$c30 cm 500 $aEstratto da: Chronologia Christi seu discordantium fontium concordantia ad iuris normam 650 4$aGesł Cristo - Vita - Cronologia.$0(OLS)http://semarc/subject/41363 850 $aSeMil 852 $aSeMil$W1$xVenegono$y1$m5D XI 28/36$j270852$B258127$CSeMilBibl$Z2$F258127 $8M 996 $6245$aLa cronologia di Cristo nella luce del diritto$9(OLS)http://semarc/title/459359 996 $6264$a[Cittą del Vaticano] :$bTipografia Poliglotta Vaticana$9(OLS)http://semarc/publisher/32047